000 00790nam a2200265 a 4500
003 AR-BaBNM
005 20251128203330.0
008 082120s2002 ||||||||||||||000 | spa||
020 _a950-21-1095-1
040 _cAR-BaBNM
100 1 _aOrtiz, Frutos Enrique
245 0 0 _aEl descubrimiento y la conquista de América vistos por un médico
260 _aBuenos Aires
_bPlus Ultra
_c1993
300 _a111 p.
504 _aContiene bibliografía p. 107-110
650 4 _aHISTORIA DE LAS CIENCIAS
650 4 _aHISTORIA DE LA MEDICINA
650 4 _aINSTITUCIONES HISPANOAMERICANAS
650 4 _aHISTORIA DE LAS COSTUMBRES
650 4 _aHISTORIA SOCIAL
650 4 _aCONQUISTA DEL RIO DE LA PLATA
700 1 _aCapurro, Clarisa
_eilustrador
942 _cBK
998 _cmariana
999 _c2939
_d2939